00804nam a2200253Ia 45000010006000000050017000060070003000230080041000260200023000670400025000900410008001150820019001231000030001422450070001722500014002422600043002563000022002993650016003216530020003376530027003579420012003849520137003969990017005334903020240114003934.0ta090522s2002 g b000 u Ass u cRs. 1000.00 (Hard) aCotton College,Assam aAss a039bGo 699 Bi aGoswami, Dinesh Chandra . 0aBiswakosh (Part: 1) /cDinesh Chandra Goswami.hTextual Documents a1st ed. / aJorhat :bAssam Sahitya Sabha ,c2002. a2150p. ;c32 cm.. aRs. 1000.00 aG-Encyclopedias aEncyclopedia-Asssamese 2ddccBK 001040708Circulation (G)aSKBLbSKBLd2012-02-01f00000g1000.00l0o039 Go 699 Bip92326r2024-01-14 00:00:00t1w2012-02-01yBK c48995d48995